| 000 | nam a22 a 4500 | ||
|---|---|---|---|
| 999 |
_c61386 _d61386 |
||
| 003 | BLK | ||
| 005 | 20230413111602.0 | ||
| 008 | 180408b bul|||||r ||||||| ||bul|| | ||
| 010 | _aKNG00065588000 | ||
| 020 | _a954-07-0126-0 | ||
| 040 | _aBLK | ||
| 041 |
_aBUL _cBUL |
||
| 080 |
_aАнглийска литература _b821.111 _x-94 _z821.111-94 |
||
| 080 |
_aИстория на Франция _b944 _x(092) _z944(092) |
||
| 080 |
_aМария Антония Йозефа Йохана фон Хабсбург-Лотарингия. Френска кралица _b929 Мария-Антоанета _z929 Мария-Антоанета |
||
| 100 | 1 |
_aХаслип, Джоун _eпърви автор _9136474 |
|
| 139 |
_aХаслип, Джоун _bХ 30 |
||
| 245 | 1 | 0 |
_aМария Антоанета _cДжоун Хаслип; прев. от англ. Сия Минкова. |
| 257 | _aGBR | ||
| 260 |
_aСофия _bУнив. изд. Св. Климент Охридски _c1992 |
||
| 300 |
_a272 с., 8 л. _bил., портр. _c24 см |
||
| 380 | _aX | ||
| 500 | _aОриг. загл. Marie Antoinette / Joan Haslip. - Именен показалец. | ||
| 600 | 1 | 4 |
_aМария-Антоанета _9290416 |
| 700 | 1 |
_aМинкова, Сия _eпрев. от англ. _9244663 |
|
| 852 |
_aЦб 173050 _bЦб |
||
| 856 | 4 |
_qpdf _i0.00 _ldisable |
|
| 856 | 4 |
_qpdf _i0.00 _ldisable |
|
| 942 |
_cKNG _n0 _s1 |
||
| 944 |
_aCR _c31.01.2017 _kКети_Илиева |
||
| 944 |
_aED _c31.01.2017 _kКети_Илиева |
||
| 999 | _d61386 | ||